10 Most Populous Countries Without Official Google Street View - Statistics

General Stats
  • This quiz has been taken 40 times
  • The average score is 7 of 10
Answer Stats
Rank Answer % Correct
2 China
93%
5 Pakistan
83%
17 Iran
76%
10 Ethiopia
72%
15 Democratic Republic of the Congo
69%
13 Egypt
66%
27 Myanmar
59%
29 Sudan
55%
21 Tanzania
52%
33 Algeria
45%
No matching quizzes found
Score Distribution
Percent of People with Each Score
Percentile by Number Answered
Your Score History
You have not taken this quiz